Normal view
MARC view
- Fisiología
Entry Materia
001 - NÚMERO DE CONTROL DEL REGISTRO
- campo de control: 20836
003 - IDENTIFICADOR DE NUMERO DE CONTROL
- campo de control: MX-MxUPN
005 - FECHA Y HORA DE LA ÚLTIMA TRANSACCIÓN
- campo de control: 20240923162511.0
008 - DATOS DE LONGITUD FIJA
- campo de control de longitud fija: 240806n| acnnnbabn | ana |d
035 ## - NÚMERO DE CONTROL DEL SISTEMA
- Número de control del sistema: UPN10000020845
040 ## - FUENTE DE LA CATALOGACIÓN
- Centro catalogador de origen: MX-MxUPN
- Lengua de catalogación: spa
- Agencia de transcripción: MX-MxUPN
150 ## - ENCABEZAMIENTO - TEMÁTICO
- Término de materia o nombre geográfico como elemento inicial: Fisiología
360 ## - REFERENCIA COMPLEJA DE VÉASE ADEMÁS - MATERIA
- Texto explicativo: véase también bajo nombres de órganos y secreciones. Ej.:
- Encabezamiento al que se remite: BILIS; CORAZON; JUGO GASTRICO; RIÑONES
670 ## - FUENTE EN LA QUE SE LOCALIZARON DATOS
- Cita de la fuente: E
902 ## - CATALOGADOR
- Catalogador: BEC/090796
